all 1st round QB draft picks since 1960 - Statistics

General Stats
  • This quiz has been taken 34 times
  • The average score is 85 of 179
Answer Stats
year college Answer % Correct
2023 alabama byrce young
100%
2024 usc Caleb Williams
100%
1978 grambling state Doug Williams
100%
2024 LSU jayden daniels
100%
1984 byu Steve Young
100%
2006 texas vince young
100%
2018 oklahoma baker Mayfield
95%
2024 north carolina drake maye
95%
2024 michigan jj mccarthy
95%
2021 clemson trevor lawrence
95%
1999 oregon akili smith
90%
2005 utah alex smith
90%
1973 LSU Bert Jones
90%
2024 oregon bo nix
90%
2023 ohio state cj stroud
90%
2019 duke daniel jones
90%
1981 illinois Dave Wilson
90%
2013 west virginia 2nd round geno smith
90%
2020 oklahoma 2nd round Jalen hurts
90%
2020 LSU joe burrow
90%
2018 wyoming josh allen
90%
2018 louisville lamar jackson
90%
2021 alabama mac jones
90%
1980 byu Marc Wilson
90%
2024 washington micheal penix
90%
2017 texas tech patrick mahomes
90%
2012 wisconsin 3rd round russell wilson
90%
2021 BYU zach wilson
90%
2005 cal aaron rodgers
85%
1971 ole miss Archie Manning
85%
2017 clemson deshaun watson
85%
2004 ole mississippi eli manning
85%
2020 utah state jordan love
85%
2020 oregon justin herbert
85%
2022 pitt kenny pickett
85%
2019 oklahoma kyler murray
85%
2015 oregon marcus mariota
85%
1998 tennessee peyton manning
85%
2023 florida anthony richardson
80%
2021 ohio state justin fields
80%
2009 georgia matthew stafford
80%
2001 virginia tech micheal vick
80%
2000 michigan 6th round tom brady
80%
2022 iowa state 7th round brock purdy
75%
2016 north dakota state carson wentz
75%
2002 fresno state David Carr
75%
2014 fresno state 2nd round derek carr
75%
2001 purdue 2nd round drew brees
75%
2019 ohio state dwayne haskins
75%
2015 florida state Jameis Winston
75%
2016 cal jared goff
75%
2018 ucla josh rosen
75%
1983 pitt Dan Marino
70%
2008 delaware joe flacco
70%
2008 boston college matt ryan
70%
1964 navy 10th round roger staubach
70%
2018 usc sam darnold
70%
2021 north dakota state trey lance
70%
2004 miami Ohio Ben Roethlisberger
65%
2014 central florida blake bortles
65%
2011 auburn cam newton
65%
2003 usc carson palmer
65%
2016 Mississippi state 4th round dak prescott
65%
1979 notre dame 3rd round joe montana
65%
2014 texas A&M johnny Manziel
65%
2017 north carolina mitchell trubisky
65%
2004 north carolina state Phillip rivers
65%
1970 Louisiana Tech terry bradshaw
65%
2010 florida tim tebow
65%
2012 stanford andrew luck
60%
1999 syracuse Donavan mcnabb
60%
1993 washington state drew bledsoe
60%
2007 LSU jamarcus russell
60%
1983 stanford John Elway
60%
2012 michigan state 4th round kirk cousins
60%
2012 baylor robert griffin
60%
2005 harvard 7th round ryan fitzpatrick
60%
1989 ucla Troy Aikman
60%
2020 alabama Tua Tagovailoa
60%
2011 Texas Christian 2nd round Andy Dalton
55%
2007 notre dame brady quinn
55%
2006 vanderbilt jay cutler
55%
1965 alabama joe Namath
55%
1998 washington state ryan leaf
55%
2010 oklahoma sam bradford
55%
2000 marshall chad pennington
50%
1983 miami florida Jim Kelly
50%
2016 Memphis Paxton lynch
50%
1979 morehead state Phil Simms
50%
1966 Texas A&I Randy Johnson
50%
2014 louisville teddy bridgewater
50%
1987 miami florida Vinny Testaverde
50%
1971 stanford Jim Plunkett
45%
2009 kansas state josh freeman
45%
2006 usc matt leinart
45%
2012 Texas A&M Ryan Tannehill
45%
1999 kentucky tim couch
45%
1967 purdue Bob Griese
40%
1992 duke dave brown
40%
1990 Illinois jeff george
40%
1982 byu jim mcmahon
40%
1973 oregon 3rd round dan fouts
35%
1999 central florida daunte culpepper
35%
1961 georgia 3rd round Fran tarkenton
35%
1985 miami florida Bernie Kosar
30%
2011 missouri blaine gabbert
30%
2012 Oklahoma state brandon weeden
30%
2013 florida state EJ manuel
30%
2005 auburn jason campbell
30%
2014 Eastern Illinois 2nd round jimmy garoppolo
30%
2002 oregon Joey Harrington
30%
1971 Augustana (IL) 3rd round Ken Anderson
30%
1995 penn state kerry collins
30%
2009 usc mark sanchez
30%
1981 cal Rich Campbell
30%
1990 houston andre ware
25%
2003 marshall Byron Leftwich
25%
1987 oregon chris miller
25%
2011 florida state christian ponder
25%
2011 nevada 2nd round Colin Kaepernick
25%
2011 washington jake locker
25%
1983 california davis Ken O'Brien
25%
1968 alabama 2nd round ken stabler
25%
2003 florida Rex Grossman
25%
1993 notre dame rick mirer
25%
1979 washington state Jack Thompson
20%
1987 michigan jim harbaugh
20%
2003 cal Kyle Boller
20%
2000 west virginia 6th round marc bulger
20%
1995 alcorn state Steve McNair
20%
1983 penn state Todd Blackledge
20%
1999 ucla cade Mcnown
15%
1965 cal Craig Morton
15%
1969 Cincinnati Greg Cook
15%
1986 purdue jim everett
15%
1971 notre dame 3rd round Joe Theismann
15%
2004 tulane J.P. Losman
15%
1975 cal Steve Bartkowski
15%
1967 florida Steve Spurrier
15%
1989 miami florida steve walsh
15%
1963 oregon state Terry Baker
15%
1977 rice Tommy Kramer
15%
1983 illinois Tony Eason
15%
1994 fresno state trent dilfer
15%
2014 alabama 5th round AJ mccarron
10%
1986 iowa chuck long
10%
1991 san diego state dan mcgwire
10%
1971 santa clara Dan Pastorini
10%
2002 east carolina 4th round david garrard
10%
1992 houston david klingler
10%
1967 san diego state Don Horn
10%
1994 tennessee heath shuler
10%
1997 Virginia tech Jim druckenmiller
10%
1962 kansas John Hadl
10%
2002 tulane Patrick Ramsey
10%
1964 usc Pete Beathard
10%
1976 alabama Richard Todd
10%
1962 north carolina state Roman Gabriel
10%
1991 usc Todd Marinovich
10%
1968 Tennessee State Eldridge Dickey
5%
1960 notre dame George Izo
5%
1987 Colorado st Kelly Stouffer
5%
1971 kansas state 3rd round Lynn Dickey
5%
1980 arizona state Mark Malone
5%
1961 wake forest Norm Snead
5%
1992 ucla tommy maddox
5%
1984 florida Wayne Peace
5%
1982 ohio state Art Schlichter
0%
1964 utah state Bill Munson
0%
1968 umass Greg Landry
0%
1972 nebraska Jerry Tagge
0%
1972 florida John Reaves
0%
1984 idaho Ken Hobart
0%
1969 Columbia Marty Domres
0%
1970 purdue Mike Phipps
0%
1960 penn state Richie Lucas
0%
1979 clemson Steve Fuller
0%
1977 missouri Steve Pisarkiewicz
0%
1989 washington state Timm Rosenbach
0%
No matching quizzes found
Score Distribution
Percent of People with Each Score
Percentile by Number Answered
Your Score History
You have not taken this quiz